| 000 | 01277nam2a22002651 4500 | ||
|---|---|---|---|
| 001 | RU\NLR\INFOCOMM20\1000033274 | ||
| 005 | 20250617001956.0 | ||
| 035 | _a(NLR Aleph) 002308564 | ||
| 090 |
_a4294217 _c4294217 |
||
| 100 | _a20041013d1971 |||y0rusy50 ca | ||
| 101 | 0 | _arus | |
| 102 | _aRU | ||
| 105 | _ay ||||||||| | ||
| 200 | 1 |
_aРадиоэлектронная промышленность за рубежом _fР.И. Белаковская, Ю.Л. Смирнов |
|
| 210 |
_d1971 _aБ. м. |
||
| 461 | 0 |
_1001RU\NLR\INFOCOMM20\1000032755 _12001#$aРадиоэлектроника за рубежом$eТехн. информация$fГос. ком. Совета Министров СССР по радиоэлектронике. ЦБНТИ$v1971, Вып.26(620) _94293777 _cМ. _d1959 - _fГос. ком. Совета Министров СССР по радиоэлектронике. ЦБНТИ _oТехн. информация _tРадиоэлектроника за рубежом _x0202-6171 _v1971, Вып.26(620) |
|
| 700 | 1 |
_aБелаковская _bР.И. _4070 |
|
| 701 | 1 |
_aСмирнов _bЮ.Л. _4070 |
|
| 801 | 1 |
_aRU _bInfoComm _c20041013 |
|
| 801 | 0 |
_aRU _bNLR _gPSBO |
|
| 852 |
_aNLR _jП10/2167 |
||
| 942 | _cISSUE | ||
| 980 | _aNB | ||
| 980 | _aRUSPER | ||